000 00899nam a2200277 i 4500
001 114897
003 ES-MaACL
005 20230906190259.0
007 t|
008 070208s1965 sp ||||1| spa d
080 _a231.74
111 2 _aConcilio Vaticano (
_n2º.
_d1962-1965)
_9122
245 1 0 _aConstitución dogmática sobre la divina revelación /
_cintroducción: José Mª Rovira Belloso.
250 _a1ª ed.
260 _aBarcelona :
_bEstela,
_c1965.
300 _a64 p. ;
_c20 cm.
490 1 _aDocumentos del Concilio Vaticano II ;
_v8
490 1 _aColección "Mens Petri"
500 _aTexto en español y latín.
650 1 4 _aRevelación.
_916895
700 1 _aRovira Belloso, Josep Maria.
_9100143
830 0 _aDocumentos del Concilio Vaticano II ;
_v8
_9185802
830 0 _aColección "Mens Petri"
_9185803
852 _aES-MaACL
_jC-56629
999 _c114897
_d114897